[Event "Chigorin Memorial"]
[Site "St Petersburg"]
[Date "2016.10.16"]
[Round "2.63"]
[White "Badelka, Olga"]
[Black "Smirnov, Artem"]
[Result "1-0"]
[WhiteElo "2209"]
[BlackElo "2409"]
[PlyCount "79"]
[EventDate "2016.10.15"]
[EventType "swiss"]
[EventRounds "9"]
[EventCountry "RUS"]

1. d4 Nf6 2. c4 e6 3. Nc3 Bb4 4. e3 O-O 5. Bd3 d5 6. cxd5 exd5 7. Nge2 Re8 8.
O-O b6 9. Bd2 Bb7 10. Qc2 Bf8 11. a3 c5 12. dxc5 bxc5 13. Rad1 Nbd7 14. Bc1 Bd6
15. Ng3 g6 16. Be2 h5 17. Rfe1 h4 18. Nf1 h3 19. gxh3 Qb6 20. Qa4 d4 21. exd4
cxd4 22. Rxd4 Bc5 23. Be3 Bxd4 24. Bxd4 Qc6 25. Qxc6 Bxc6 26. Ne3 a5 27. b4
axb4 28. axb4 Rad8 29. b5 Ba8 30. f4 Nh5 31. Bxh5 gxh5 32. Kf2 Kh7 33. Rg1 Rg8
34. Rd1 Rc8 35. Ra1 Nc5 36. Ra7 Nd3+ 37. Kf1 Rgd8 38. Nf5 Rg8 39. Rxf7+ Kg6 40.
Rf6+ 1-0

[Event "Chigorin Memorial"]
[Site "St Petersburg"]
[Date "2016.10.16"]
[Round "2.72"]
[White "Semenenko, Sergey"]
[Black "Shuvalova, Polina"]
[Result "1/2-1/2"]
[WhiteElo "2184"]
[BlackElo "2393"]
[PlyCount "91"]
[EventDate "2016.10.15"]
[EventType "swiss"]
[EventRounds "9"]
[EventCountry "RUS"]

1. d4 Nf6 2. c4 e6 3. Nc3 Bb4 4. e3 O-O 5. Nge2 Re8 6. a3 Bf8 7. Ng3 d5 8. Be2
b6 9. b4 c6 10. O-O Bb7 11. Bb2 Nbd7 12. Qb3 g6 13. e4 Nxe4 14. Ncxe4 dxe4 15.
Nxe4 c5 16. Bf3 cxd4 17. Bxd4 Qc7 18. Bb2 Bg7 19. Bxg7 Kxg7 20. Ng5 Bxf3 21.
Nxf3 Rac8 22. Rac1 e5 23. Rfd1 h5 24. Qd3 Nf6 25. Qd6 Qb7 26. Qd2 a6 27. h3 Rc7
28. Qe3 e4 29. Nd4 Qc8 30. Ne2 Rc6 31. Qd4 e3 32. f3 Re7 33. Rd3 Qe8 34. Rcc3
Rce6 35. Qd8 Qa4 36. Kh2 Rd7 37. Rxd7 Nxd7 38. Rd3 Qc2 39. Nf4 Rf6 40. Qxd7
Rxf4 41. Rxe3 Qxc4 42. Qd6 Rf5 43. Re4 Qc2 44. Rf4 Rxf4 45. Qxf4 Qc3 46. a4
1/2-1/2

[Event "Chigorin Memorial"]
[Site "St Petersburg"]
[Date "2016.10.16"]
[Round "2.91"]
[White "Enkhnar, Enkhbaatar"]
[Black "Zaykov, Sergey"]
[Result "1-0"]
[WhiteElo "2451"]
[BlackElo "2131"]
[PlyCount "103"]
[EventDate "2016.10.15"]
[EventType "swiss"]
[EventRounds "9"]
[EventCountry "RUS"]

1. d4 f5 2. e4 fxe4 3. Nc3 Nf6 4. Bg5 Nc6 5. d5 Ne5 6. Qe2 Nf7 7. Bxf6 exf6 8.
Nxe4 Qe7 9. d6 Nxd6 10. Nxd6+ cxd6 11. O-O-O Qxe2 12. Bxe2 b6 13. Bf3 Rb8 14.
Ne2 Bb7 15. Bxb7 Rxb7 16. Nc3 Rc7 17. Rhe1+ Kf7 18. Nb5 Rb7 19. Re3 a6 20.
Nxd6+ Bxd6 21. Rxd6 Re8 22. Red3 Re7 23. Kd2 Ke8 24. Rh3 h6 25. Rg3 Re6 26. Rd4
Kf7 27. f4 f5 28. Rc3 Rc6 29. Rcd3 Ke7 30. Re3+ Re6 31. Rg3 g6 32. Rh3 h5 33.
c4 a5 34. Re3 Rc7 35. b3 Rcc6 36. Rd5 Rc7 37. g3 Rcc6 38. Kd3 Rc7 39. Kd4 Rcc6
40. Ree5 d6 41. Rxe6+ Kxe6 42. Rb5 Kd7 43. Kd5 a4 44. b4 Kc7 45. a3 Kd7 46. h4
Kc7 47. c5 bxc5 48. bxc5 Ra6 49. Rb6 Ra8 50. Rc6+ Kb7 51. cxd6 Re8 52. d7 1-0

[Event "Chigorin Memorial"]
[Site "St Petersburg"]
[Date "2016.10.16"]
[Round "2.173"]
[White "Bulsoev, Alexander"]
[Black "Pavlova, Natalia"]
[Result "0-1"]
[WhiteElo "1462"]
[BlackElo "1990"]
[PlyCount "88"]
[EventDate "2016.10.15"]
[EventType "swiss"]
[EventRounds "9"]
[EventCountry "RUS"]

1. Nf3 d5 2. c4 c6 3. d4 Nf6 4. Nc3 e6 5. e3 Nbd7 6. Bd3 dxc4 7. Bxc4 b5 8. Bb3
Bb7 9. O-O Be7 10. Ne2 c5 11. dxc5 Nxc5 12. Ned4 a6 13. Bd2 O-O 14. Rc1 Nd5 15.
Ne5 Qd6 16. f4 Nxf4 17. Rxf4 Qxe5 18. Bc3 Qxe3+ 19. Rf2 Nd3 20. Rcc2 Nxf2 21.
Rxf2 b4 22. Nc2 Qe4 23. Re2 Qg4 24. h3 Qg6 25. Nxb4 Bf3 26. Kh1 Bxe2 27. Qxe2
Bc5 28. Bc2 Qg3 29. Nd3 Bd6 30. Ne5 a5 31. Nf3 Rfc8 32. Qe4 g6 33. Qd4 Rxc3 34.
Qxc3 Rb8 35. Kg1 Qf4 36. Bb3 Bb4 37. Qd3 e5 38. Qd7 e4 39. Nd4 Bc5 40. Kh1 Bd6
41. Bxf7+ Kh8 42. Kg1 Qe3+ 43. Kf1 Qxd4 44. Qg4 Qf6+ 0-1